| 000 -LEADER |
| fixed length control field |
00724nam a2200229Ia 4500 |
| 001 - CONTROL NUMBER |
| control field |
992 |
| 003 - CONTROL NUMBER IDENTIFIER |
| control field |
GE_BSU |
| 008 - FIXED-LENGTH DATA ELEMENTS--GENERAL INFORMATION |
| fixed length control field |
181216s||||||||xx |||||||||||||| ||und|| |
| 020 ## - INTERNATIONAL STANDARD BOOK NUMBER |
| International Standard Book Number |
589349721{ |
| 040 ## - CATALOGING SOURCE |
| Transcribing agency |
GE_BSU |
| 080 ## - UNIVERSAL DECIMAL CLASSIFICATION NUMBER |
| Universal Decimal Classification number |
81(076.8) |
| 100 ## - MAIN ENTRY--PERSONAL NAME |
| Personal name |
Нелюбин,Л.Л; Хухуни,Г.Т; |
| 245 ## - TITLE STATEMENT |
| Title |
Наука о переводе (История и теория с древнейших времен до наших дней |
| 245 ## - TITLE STATEMENT |
| Remainder of title |
Учебное пособие . |
| 260 ## - PUBLICATION, DISTRIBUTION, ETC. |
| Place of publication, distribution, etc. |
Москва: |
| 260 ## - PUBLICATION, DISTRIBUTION, ETC. |
| Name of publisher, distributor, etc. |
,,Флинта |
| 260 ## - PUBLICATION, DISTRIBUTION, ETC. |
| Date of publication, distribution, etc. |
2006 |
| 300 ## - PHYSICAL DESCRIPTION |
| Extent |
414 с. |
| 653 ## - INDEX TERM--UNCONTROLLED |
| Uncontrolled term |
История и теория с древнейших времен до наших дней. |
| 942 ## - ADDED ENTRY ELEMENTS (KOHA) |
| Koha item type |
წიგნი |